Para cendekiawan Islam

Bibliographic Details
Other Authors: Nurul Syifa
Format: Book
Published: Kuala Lumpur : Sabunai Media , 2006
Series:Siri Islam sezaman
Subjects:

MARC

LEADER 00000cam a2200000 7i4500
001 0000007295
005 20151222.0
008 070829
020 |a 9832612934 
090 0 0 |a JF   |b MAL 
245 1 0 |a Para cendekiawan Islam   |c disusun oleh Nurul Syifa 
260 |a Kuala Lumpur :   |b Sabunai Media ,   |c 2006 
440 |a Siri Islam sezaman 
500 |a Children ages 10-12 years old (pink) 
650 0 |a Islamic stories,Malay 
700 0 |a Nurul Syifa 
999 |a 0000989608   |b Book   |c Children Collection   |e Cawangan Kota Tinggi 
999 |a 0000989609   |b Book   |c Children Collection   |e Cawangan Taman Sri Lambak 
999 |a 0000989610   |b Book   |c Children Collection   |e Cawangan Bandar Tenggara 
999 |a 0000989611   |b Book   |c Children Collection   |e Cawangan Batu Pahat 
999 |a 0000989612   |b Book   |c Children Collection   |e Cawangan Batu Pahat 
999 |a 0001129611   |b Book   |c Children Collection   |e Cawangan Tangkak 
999 |a 0001129613   |b Book   |c Children Collection   |e Cawangan Segamat